General topology and applications : fifth Northeast conference
Αποθηκεύτηκε σε:
| Συγγραφή απο Οργανισμό/Αρχή: | |
|---|---|
| Άλλοι συγγραφείς: | |
| Μορφή: | Πρακτικό Συνεδρίου Βιβλίο |
| Γλώσσα: | English |
| Δημοσίευση: |
New York :
Marcel Dekker,
c1991
|
| Σειρά: | Lecture notes in pure and applied mathematics ;
; 134 |
| Θέματα: | |
| Ετικέτες: |
Προσθήκη ετικέτας
Δεν υπάρχουν, Καταχωρήστε ετικέτα πρώτοι!
|
MARC
| LEADER | 00000cam a2200000 i 4500 | ||
|---|---|---|---|
| 001 | 1/53326 | ||
| 008 | 941103s1991 eng d | ||
| 020 | |a 0824785525 | ||
| 035 | |l 10044677 | ||
| 035 | |a 1993 |c ΤΣΑΠΟΓΑΣ | ||
| 040 | |a GR-MY-UA |b gre |e aacr | ||
| 041 | 0 | |a eng | |
| 082 | 0 | |a 514.322 |2 (20) | |
| 245 | 0 | 0 | |a General topology and applications : |b fifth Northeast conference / |c edited by Susan J. Andima ... [et al.] |
| 260 | |a New York : |b Marcel Dekker, |c c1991 | ||
| 300 | |a xiii, 416 p.; |c 25 cm | ||
| 490 | 1 | |a Lecture notes in pure and applied mathematics |v ; 134 | |
| 500 | |a "Proceedings of the Fifth Northeast Conference on General Topology and Applications, held June 15-17, 1989 at The College of Staten Island"--Pref | ||
| 504 | |a Includes bibliographical references and index | ||
| 650 | 0 | 0 | |a Topology |x Congresses. |
| 700 | 1 | |a Andima, Susan, |d 1943- |e edtf | |
| 711 | 2 | |a Northeast Conference on General Topology and Applications |n (5th : |d 1989 : |c College of Staten Island) | |
| 830 | 0 | |a Lecture notes in pure and applied mathematics ; |v ; 134 | |
| 852 | |a INST |b SAMOS |e 19941103 |h 514.322 GEN |p 005300003841 |q 005300003841 |t BK |y 0 | ||
| 909 | |a Σ |b 025784 | ||